000 00483nmm a2200169Ia 4500
008 251105s9999||||xx |||||||||||||||||und||
020 _a9781621690337
041 _aspa
100 _aPicou, Lin
245 0 _aUn perrito problemático
264 _a[Madrid, España] :
_bRourke Educational Media,
_c2013
300 _a24 páginas
490 _aAlitas rojas. Niveles 1-2
650 _aAges 6-8 Years Old
856 _uhttps://public.digitaliapublishing.com/a/24869
942 _cCF
999 _c75252
_d75252